<?xml version="1.0" encoding="UTF-8"?>
<record
    xmlns:xsi="http://www.w3.org/2001/XMLSchema-instance"
    xsi:schemaLocation="http://www.loc.gov/MARC21/slim http://www.loc.gov/standards/marcxml/schema/MARC21slim.xsd"
    xmlns="http://www.loc.gov/MARC21/slim">

  <leader>00286nam a22001217a 4500</leader>
  <datafield tag="040" ind1=" " ind2=" ">
    <subfield code="c">SK</subfield>
  </datafield>
  <datafield tag="082" ind1=" " ind2=" ">
    <subfield code="a">339</subfield>
  </datafield>
  <datafield tag="100" ind1=" " ind2=" ">
    <subfield code="a">&#x1794;&#x17BC;&#x179A;&#x17C9;&#x17B6; &#x1780;&#x17B6;&#x1792;&#x17B8;</subfield>
  </datafield>
  <datafield tag="245" ind1=" " ind2=" ">
    <subfield code="a">&#x1798;&#x17C9;&#x17B6;&#x1783;&#x17B8;&#x178F;&#x1792;&#x17B8;&#x1784; &#x1780;&#x179F;&#x17B7;&#x1780;&#x1798;&#x17D2;&#x1798;</subfield>
  </datafield>
  <datafield tag="260" ind1=" " ind2=" ">
    <subfield code="a">RUA</subfield>
    <subfield code="b">&#x1794;&#x17BC;&#x179A;&#x17C9;&#x17B6;</subfield>
    <subfield code="c">2005</subfield>
  </datafield>
  <datafield tag="300" ind1=" " ind2=" ">
    <subfield code="a">61p.</subfield>
  </datafield>
  <datafield tag="942" ind1=" " ind2=" ">
    <subfield code="c">KB</subfield>
  </datafield>
  <datafield tag="999" ind1=" " ind2=" ">
    <subfield code="c">9018</subfield>
    <subfield code="d">9018</subfield>
  </datafield>
  <datafield tag="952" ind1=" " ind2=" ">
    <subfield code="0">0</subfield>
    <subfield code="1">0</subfield>
    <subfield code="4">0</subfield>
    <subfield code="6">339_000000000000000_&#x1794;&#x17BC;&#x179A;&#x17B6;_2005_C193</subfield>
    <subfield code="7">0</subfield>
    <subfield code="9">50498</subfield>
    <subfield code="a">LBC</subfield>
    <subfield code="b">LBC</subfield>
    <subfield code="c">C193</subfield>
    <subfield code="d">2016-08-23</subfield>
    <subfield code="l">3</subfield>
    <subfield code="o">339 &#x1794;&#x17BC;&#x179A;&#x17C9;&#x17B6; 2005 C193</subfield>
    <subfield code="p">RUA043269</subfield>
    <subfield code="r">2022-02-25</subfield>
    <subfield code="s">2022-02-04</subfield>
    <subfield code="y">KB</subfield>
  </datafield>
  <datafield tag="952" ind1=" " ind2=" ">
    <subfield code="0">0</subfield>
    <subfield code="1">0</subfield>
    <subfield code="4">0</subfield>
    <subfield code="6">339_000000000000000_&#x1794;&#x17BC;&#x179A;&#x17B6;_2005_C192</subfield>
    <subfield code="7">0</subfield>
    <subfield code="9">50499</subfield>
    <subfield code="a">LBC</subfield>
    <subfield code="b">LBC</subfield>
    <subfield code="c">C192</subfield>
    <subfield code="d">2016-08-23</subfield>
    <subfield code="o">339 &#x1794;&#x17BC;&#x179A;&#x17C9;&#x17B6; 2005 C192</subfield>
    <subfield code="p">RUA043014</subfield>
    <subfield code="r">2016-08-23</subfield>
    <subfield code="y">KB</subfield>
  </datafield>
</record>
